Sports Quiz

Random Sports or Football Quiz

C-letter Football Legends (Slideshow) Quiz Stats

 Plays Quiz not verified by Sporcle

Score 0/30 Timer 10:00
1 Play Today
% Correct
Sol Campbell
91.3%
Cafu
91%
Hernán Crespo
91%
Éric Cantona
89.3%
Fabio Cannavaro
83.5%
Jamie Carragher
83.5%
José Luis Chilavert
79.6%
Bobby Charlton
78.8%
Andy Cole
76.2%
Rui Costa
75.2%
Johan Cruyff
74%
Santiago Cañizares
73.7%
Philip Cocu
71.5%
Cristian Chivu
70.8%
Alessandro Costacurta
70.1%
% Correct
Iván Córdoba
65.7%
Claudio Caniggia
61.1%
Fabio Capello
61.1%
Stéphane Chapuisat
59.1%
Jorge Campos
55.9%
Fernando Couto
53%
Teófilo Cubillas
49.6%
Pierluigi Casiraghi
41.3%
Jan Ceulemans
38%
Bruno Conti
36.2%
José Antonio Camacho
35.8%
John Charles
32.4%
Tony Cascarino
31.4%
Mário Coluna
19.5%
Franco Causio
17.7%

You're not logged in!

Compare scores with friends on all Sporcle quizzes.
OR
Log In

You Might Also Like...

Show Comments

Extras

Created May 10, 2014ReportNominate
Tags:Football Quiz, legend, Slideshow

Top Quizzes Today


Score Distribution

Your Account Isn't Verified!

In order to create a playlist on Sporcle, you need to verify the email address you used during registration. Go to your Sporcle Settings to finish the process.

Report this User

Report this user for behavior that violates our Community Guidelines.

Details: